Well-Known Movie by Tough Image VII Quiz Stats

 Plays Quiz Updated May 10, 2016

Score 0/24 Timer 08:00
0 Plays Today
% Correct
Ferris Bueller's Day Off
74.9%
Aladdin
69.2%
Harry Potter and the Deathly Hallows – Part 2
48.2%
Juno
46.8%
Big
44.6%
Dodgeball: A True Underdog Story
41.1%
Jaws
40.8%
Kill Bill: Vol. 2
40%
Black Swan
37.2%
Scarface
36.9%
Raiders of the Lost Ark
35.7%
The Bourne Ultimatum
33.8%
% Correct
American Pie
33.7%
Kick-Ass
30.4%
Gravity
30.2%
How to Train Your Dragon
29.1%
The Ring
28.1%
Gangs of New York
27.8%
Rise of the Planet of the Apes
25.6%
The Graduate
24.8%
The Blues Brothers
22.3%
It's a Wonderful Life
20.1%
The Hobbit: The Desolation of Smaug
15.6%
A Beautiful Mind
6.7%

You're not logged in!

Compare scores with friends on all Sporcle quizzes.
OR
Log In

You Might Also Like...

Show Comments

Extras

Top Quizzes Today


Score Distribution

Your Account Isn't Verified!

In order to create a playlist on Sporcle, you need to verify the email address you used during registration. Go to your Sporcle Settings to finish the process.

Report this User

Report this user for behavior that violates our Community Guidelines.

Details: